Statistics for Fly between Capital Cities in Alphabetical Order: Abu Dhabi to Athens

Click here to take the quiz!

General Stats

  • This quiz has been taken 61 times
    (42 since last reset)
  • The average score is 31 of 92

Answer Stats

COUNTRY% Correct
Saudi Arabia
97%
Sudan
66%
Chad
56%
Reach {Abuja} in {Nigeria}
50%
Benin
50%
Togo
50%
Reach {Accra} in {Ghana}
50%
Cameroon
47%
Egypt
38%
Italy
38%
Kosovo
38%
Macedonia
38%
Albania
38%
Reach {Antananarivo} in {Madagascar}
38%
Sudan
38%
Reach {Addis Ababa} in {Ethiopia}
38%
Nigeria
38%
Cameroon
38%
Montenegro
38%
Tunisia
34%
Bulgaria
34%
Tunisia
34%
France
34%
Reach {Andorra la Vella} in {Andorra}
34%
Reach {Algiers} in {Algeria}
34%
Central African Republic
34%
Reach {Amsterdam} in {Netherlands}
34%
Hungary
34%
Reach {Amman} in {Jordan}
34%
Reach {Asmara} in {Eritrea}
34%
Libya
34%
Australia
34%
South Sudan
34%
Turkey
34%
Cyprus
34%
Israel
34%
Saudi Arabia
31%
Reach {Apia} in {Samoa}
31%
Italy
31%
Kuwait
31%
Iraq
31%
Iran
31%
Uzbekistan
31%
Reach {Astana} in {Kazakhstan}
31%
Russia
31%
Ukraine
31%
Ethiopia
31%
Spain
31%
Somalia
31%
Israel
31%
Eritrea
31%
Greece
31%
Israel
31%
Greece
31%
Saudi Arabia
31%
Serbia
31%
Croatia
31%
Austria
31%
Germany
31%
Belgium
31%
France
31%
Bulgaria
31%
Reach {Ankara} in {Turkey}
31%
Cyprus
31%
Lebanon
31%
Jordan
31%
Libya
28%
Saudi Arabia
28%
Tunisia
28%
Algeria
28%
Mali
28%
Brazil
28%
Reach {Asuncion} in {Paraguay}
28%
Turkmenistan
28%
Morocco
28%
Cape Verde
28%
Iran
28%
Croatia
28%
Slovenia
25%
Brazil
25%
Hungary
25%
Reach {Ashgabat} in {Turkmenistan}
25%
Guinea-Bissau
25%
Senegal
25%
Gambia
25%
Senegal
25%
Mauritania
25%
Croatia
19%
China
19%
Kyrgyzstan
19%
Tajikistan
19%
Uzbekistan
19%

Score Distribution

Percentile by Number Answered

Percent of People with Each Score

Your Score History

You have not taken this quiz since the last reset